=LDR 00000nam 2200000 4500 =001 INLIS000000000019324 =005 20130612114411 =008 ***********************************Ind** =035 ##$$0010-061300000019324 =041 ##$$a Ind =082 ##$$a 101.03 =090 ##$$a 101.03, Mud k =100 ##$$a Mudhufir, Ali =245 ##$$a Kamus istilah filsafat dan ilmu, oleh Ali Mudhofir =260 ##$$a 2001 $b Yogyakarta =300 ##$$a 417 hlm, 21 cm =650 ##$$a Filsafat-Kamus =850 ##$$a NBPNMAT